00731nam a2200241 a 4500001001300000003000900013005001700022008004100039020001000080082001600090100002000106245008000126260003200206300000900238500003500247505001000282650003000292700002000322902000800342942000700350952011700357999001500474nice12345678IN_TiNIC20260116012913.0050524s1985 elua grp 000 0 eng  ac10000a297.06bANV aAnver, Mohammad aSixty Eight Years of Anjuman-E-Muhafizul Islam(with a Brief History of Elur aElurubIslamic Centrec1985 a140p aincludes index and biblioraphy2 aIndex aAnjuman-E-Muhafizul Islam1 aAnver, Mohammad bSRS cBK 001040708StackRoom-aHMIbHMId2007-07-23g100.00l0o297.06 ANVp012248r2007-07-23v100.00w2005-05-24yBK c8828d8828